000 01256nam a2200289 c 4500
003 BLK
005 20190330122701.0
008 180411b bul|||||r ||||||| ||bul||
010 _aKNG00208279000
040 _aBLK
041 _aBUL
_cBUL
080 _aБългарска литература
_b821.163.2
_x-31
_z821.163.2-31
100 1 _aКарасимеонов, Александър Пантелеев
_eпърви автор
_9348450
139 _aКарасимеонов, Александър Пантелеев
_bК 36
245 1 0 _aИзбрани произведения
_b[Т. 1 -]
_cАлександър Пантелеев Карасимеонов.
_n[Т. 1]
_pОбич
257 _aBGR
260 София
_bБълг. писател
_c1990
300 _c21 см
380 _aX
505 _g[Романи]
_r
_tЕднодневни цветове
760 1 _aКарасимеонов, Александър Пантелеев
_h328 с.
_nВ библиогр. каре означено Избрани произведения. Т. 1. - 21 112 тир.
_t[Т. 1] Обич
852 _aЦб 162105
856 4 _qpdf
_u
856 4 _qpdf
_u
942 _cKNG
_n0
_01
944 _aCR
_c19.06.2017
_kКети_Илиева
944 _aED
_c19.06.2017
_kКети_Илиева
999 _c198917
_d198917